000 00872nam a2200265 i 4500
001 bgj
100 1 _aWRESCH, William
245 1 0 _aWriting for the twenty-first century :
_bcomputers and research writing /
_cWilliam Wresch ; Donald Pattow ; James Gifford.
260 _aNew York :
_bMcGraw-Hill Book,
_cc. 1988.
300 _aXII, 304 pp :
_bfig. ;
_c23 cm.
504 _aBibliography p. 296-298.
505 _aIncludes index.
650 9 _aEnglish language
_xRhetoric
_xData processing
650 9 _aReport writing
_xData processing
650 9 _aData base searching
650 9 _aWord processing in education
700 1 _aPATTOW, Donald.
_eco-author
700 1 _aGIFFORD, James.
_eco-author
020 _a0070720517 (pbk)
040 _cBPK
041 0 _aeng
920 _a0-07-072051-7 (pbk)
942 _cKS
008 s uk f |000 0 eng
999 _c41293
_d41293
856 _uhttp://koha.tu.koszalin.pl/cgi-bin/koha/opac-detail.pl?biblionumber=41293
_yKatalog online BPK